| 000 | 01311nam a2200373 u 4500 | ||
|---|---|---|---|
| 001 | 000002657 | ||
| 003 | DO-SdBNP | ||
| 005 | 20251212084845.0 | ||
| 007 | ta | ||
| 008 | 090703s2006 dr r 000 0 spa d | ||
| 020 | _a9789945856606 | ||
| 040 |
_aDO-SdBNP _bspa _cBNPHU _erda |
||
| 082 | 4 |
_a336.098 _bG633m _222 |
|
| 100 | 1 |
_aGómez Sabaini, J., _qJuan _964641 |
|
| 245 | 1 | 0 |
_aManual de finanzas públicas y política tributaria / _cJ. Gómez Sabaini ; H. González Cano. |
| 250 | _a2a. ed. | ||
| 264 |
_aSanto Domingo : _bINCAT, _c2006. |
||
| 300 |
_a230 páginas ; _c21cm. |
||
| 336 |
_2rdacontent _atexto _btxt |
||
| 337 |
_2rdamedia _asin mediación _bn |
||
| 338 |
_2rdacarrier _avolumen _bnc |
||
| 490 | 1 | _aPublicaciones INCAT | |
| 490 | 1 |
_aManuales de finanzas públicas ; _v15 |
|
| 500 | _aIncluye referencias bibliográficas y notas al pie de las páginas | ||
| 500 | _aIncluye datos biográficos del autor en las solapas | ||
| 590 | _aInventariado, 2024 | ||
| 650 | 0 |
_aFinanzas públicas _932168 |
|
| 650 | 0 |
_aPolítica fiscal _98379 _zAmérica Latina |
|
| 650 | 0 |
_aImpuestos _98380 |
|
| 650 | 4 |
_aImpuestos _zAmérica Latina _985876 |
|
| 830 | 0 |
_a Publicaciones INCAT _98383 _pManuales de finanzas públicas ; 15 |
|
| 910 | _aValidado. Control de calidad MFF | ||
| 942 |
_2ddc _cLBS1 |
||
| 999 |
_c2493 _d2493 |
||